Practice and Innovations in Sustainable Transport

Guardado en:
Detalles Bibliográficos
Otros Autores: Muneer, Tariq, Saleem Gul, Mehreen, Jadraque Gago, Eulalia
Formato: Libro
Lenguaje:inglés
Publicado: Basel MDPI 2020
Materias:
Etiquetas: Agregar Etiqueta
Sin Etiquetas, Sea el primero en etiquetar este registro!

MARC

LEADER 00000nam a2200000 4500
001 0288173
005 20240221111428.0
020 |a 978-3-03928-548-8 
020 |a 978-3-03928-549-5 
041 0 |a eng 
044 |a CH 
245 1 0 |a Practice and Innovations in Sustainable Transport  |c Special Issue Editors: Tariq Muneer, Mehreen Saleem Gul, Eulalia Jadraque Gago 
264 1 |a Basel  |b MDPI  |c 2020 
300 |a 106 s. 
610 2 0 |a rozvoj trvalo udržateľný 
610 2 0 |a doprava 
610 2 0 |a doprava verejná 
610 2 0 |a prostriedky dopravné 
610 2 0 |a inovácie environmentálne 
610 2 0 |a energia elektrická 
610 2 0 |a spotreba energie 
700 1 |a Muneer, Tariq 
700 1 |a Saleem Gul, Mehreen 
700 1 |a Jadraque Gago, Eulalia